1994 1110 1598 1669 1797 1863 1794 1008 1998 1739 1781 1160 1403 1582 1669 1731 1240 1830 1373 1140 1969 1142 1852 1644 1005 1005 1485 1557 1438 1163 1239 1770 1735 1317 1098 1278 1460 1829 1571 1160 1855 1363 1332 1228 1058 1878 1285 1778 1247 1129 1551 1411 1828 1321 1713 1975 1648 1908 1257 1751 1527 1613 1275 1834 1485 1868 1370 1046 1519 1597 1850 1800 1910 1477 1844 1482 1856 1184 1486 1654 1981 1007 1800 1549 1422 1551 1718 1769 1059 1795 1474 1274 1373 1462 1476 1831 1637 1807 1892 BCNSPRNW ULIB Ver.6.0+V

เปลี่ยนเป็นภาษาไทย

Change to English
 แสดงรายละเอียดบรรณานุกรม
  กลับหน้าหลัก

Brief Record : Get Marc (ISO 2709) : E-mail record : QR code < ปิดหน้าต่าง
LEADER : 00000nam 2200000uu 4500
001    13399122455
003     ULIB
008    020711s2550 th a 000 0 tha d
020    9789741643813
090    นว.^bล712ร
100    ลูกชุบ
245    รักร้ายหัวใจไม่ได้ล๊อค Triple Nine Apartment /^bลูกชุบ
250    พิมพ์ครั้งที่ 1
260    กรุงเทพฯ :^bแจ่มใส,^c2550
300    273 หน้า
710 1  แจ่มใส
945    ^p199^l0^i19951
999    ^aทศพร เกษรทอง
รายการนี้ยังไม่มีแท็ก
คุณยังไม่ได้ล็อกอิน คุณสามารถมีกิจกรรมร่วมกับเว็บไซต์ได้ แต่ต้องล็อกอินก่อน ::
  ล็อกอิน

รายการสื่อสารสนเทศ

ลำดับที่ ประเภท เลขเรียก/บาร์โค้ด สถานที่ สถานะ
1. นวนิยาย
นวนิยาย
นว. ล712ร ฉ.1 
  Barcode: 19951
ห้องสมุดวิทยาเขตสวรรค์ประชารักษ์
►นวนิยาย
บนชั้น
  ขอยืม

รายการใกล้เคียง
    ผู้แต่ง [ลูกชุบ]

BibComment


ยังไม่เคยถูกคอมเมนท์

คอมเมนท์ทรัพยากรรายการนี้
  คอมเมนท์: รักร้ายหัวใจไม่ได..


 Copyright 2026. Bcnsprnw @Library